Public rights of way and access to land (Record no. 111523)

MARC details
000 -LEADER
fixed length control field 01679cam a22002175a 4500
001 - CONTROL NUMBER
control field L151663
008 - FIXED-LENGTH DATA ELEMENTS--GENERAL INFORMATION
fixed length control field 101126s201x xxk f 001 0 eng d
020 ## - INTERNATIONAL STANDARD BOOK NUMBER
International Standard Book Number 9781846612565
035 ## - SYSTEM CONTROL NUMBER
System control number (Sirsi) u151663
041 0# - LANGUAGE CODE
Language code of text/sound track or separate title eng
100 1# - MAIN ENTRY--PERSONAL NAME
Personal name Angela Sydenham
245 00 - TITLE STATEMENT
Title Public rights of way and access to land
250 ## - EDITION STATEMENT
Edition statement 4th ed.
260 ## - PUBLICATION, DISTRIBUTION, ETC.
Place of publication, distribution, etc. Bristol
-- ordan
Date of publication, distribution, etc. 2010.
300 ## - PHYSICAL DESCRIPTION
Extent xlix, 669 p. $2 5 cm.
505 2# - FORMATTED CONTENTS NOTE
Formatted contents note Definitions and classes of public rights of way and analogous rights -- The legal interests and rights of highway authorities, landowners, users, and utility companies -- Creation of public rights of ways -- Extinguishment and diversion orders -- Recording rights of way -- Determination of contested orders -- Ascertaining public righs of way -- Maintenance of highways -- Interference with public rights of way -- Management, common problems and conservation -- Background to the countryside and rights of way act 2000 -- Rights and obligations of public --Rights and obligations of owners and occupiers -- Entry to access land -- Management -- Coastal access.
520 ## - SUMMARY, ETC.
Summary, etc. This edition of Public rights of way and access to land has been updated to take account of recen developments including the Marine and Coastal Access Act 2009 Part 9 introducing Coastal Access; the coming into force of man more sections of the Countryside and Rights of Way Act 2000; new regulations including the public Rights of Ways ( Hearings and Inquiry Procedure) (England) Rules SI 2007/2008. The new edition sets out the relevant parts of the Countryside and Right of Way Act 2000.
651 #4 - SUBJECT ADDED ENTRY--GEOGRAPHIC NAME
Geographic name ENGLAND AND WALES
690 ## - LOCAL SUBJECT ADDED ENTRY--TOPICAL TERM (OCLC, RLIN)
Topical term or geographic name as entry element Boundary disputes
9 (RLIN) 6221
942 ## - ADDED ENTRY ELEMENTS (KOHA)
Suppress in OPAC 0
Holdings
Withdrawn status Lost status Source of classification or shelving scheme Damaged status Not for loan Home library Current library Shelving location Date acquired Total Checkouts Barcode Date last seen Copy number Price effective from Koha item type
    Dewey Decimal Classification     London London Books 24/12/2010   30075736 06/08/2019 1 06/08/2019 Book